Kashmir 1947 : (Record no. 586247)
[ view plain ]
| 000 -LEADER | |
|---|---|
| fixed length control field | 00732cam a2200193 a 4500 |
| 020 ## - INTERNATIONAL STANDARD BOOK NUMBER | |
| International Standard Book Number | 9780144000173 |
| 020 ## - INTERNATIONAL STANDARD BOOK NUMBER | |
| International Standard Book Number | 0144000172 |
| 082 ## - DEWEY DECIMAL CLASSIFICATION NUMBER | |
| Classification number | 954.6092 |
| 100 1# - MAIN ENTRY--PERSONAL NAME | |
| Personal name | Mehta, Krishna, |
| Dates associated with a name | 1913-1993. |
| 245 10 - TITLE STATEMENT | |
| Title | Kashmir 1947 : |
| Remainder of title | a survivor's story / |
| Statement of responsibility, etc. | Krishna Mehta. |
| 260 ## - PUBLICATION, DISTRIBUTION, ETC. | |
| Place of publication, distribution, etc. | New Delhi ; |
| -- | New York, New York : |
| Name of publisher, distributor, etc. | Penguin Books, |
| Date of publication, distribution, etc. | 2005. |
| 300 ## - PHYSICAL DESCRIPTION | |
| Extent | 168 p. ; |
| Dimensions | 19.5 cm. |
| 650 #0 - SUBJECT ADDED ENTRY--TOPICAL TERM | |
| Topical term or geographic name entry element | Legislators |
| 942 ## - ADDED ENTRY ELEMENTS (KOHA) | |
| Source of classification or shelving scheme | |
| Koha item type | Book |
| 650 #0 - SUBJECT ADDED ENTRY--TOPICAL TERM | |
| -- | 81864 |
| Withdrawn status | Lost status | Source of classification or shelving scheme | Materials specified (bound volume or other part) | Damaged status | Not for loan | Permanent Location | Current Location | Date acquired | Source of acquisition | Total Checkouts | Full call number | Barcode | Date last seen | Date last checked out | Price effective from | Koha item type |
|---|---|---|---|---|---|---|---|---|---|---|---|---|---|---|---|---|
| Donated by Ms. Saima Anwer DFID | Central Library (CL) | Central Library (CL) | 08/27/2021 | Donation | 2 | 954.6092 MEH | CL-D-1197 | 04/15/2026 | 04/15/2026 | 08/27/2021 | Book |
